Reengineering - pojem a prehľad literatúry

Jedným zo spôsobov, ako zvýšiť výkonnosť spoločnosti je redizajn všetkých jej procesov. Tento proces sa označuje pojmom reengineering. Vysvetlenie pojmu a konceptu reengineering, prehľad literatúry a finančný aspekt reengineeringu.

Enregistré dans:
Détails bibliographiques
Auteur principal: Kubicová, Jana, 1961-
Format: Chapitre de livre
Langue:slovaque
Sujets:
Tags: Ajouter un tag
Pas de tags, Soyez le premier à ajouter un tag!

MARC

LEADER 00000nla a2200000 4500
001 0183161
005 20240502073130.6
041 0 |a slo 
044 |a SK 
245 1 0 |a Reengineering - pojem a prehľad literatúry  |c Jana Kubicová 
520 |a Jedným zo spôsobov, ako zvýšiť výkonnosť spoločnosti je redizajn všetkých jej procesov. Tento proces sa označuje pojmom reengineering. Vysvetlenie pojmu a konceptu reengineering, prehľad literatúry a finančný aspekt reengineeringu. 
610 2 0 |a reengineering 
610 2 0 |a podnik 
610 2 0 |a procesy podnikové 
610 2 0 |a náklady 
610 2 0 |a riadenie podnikové 
100 1 |a Kubicová, Jana, 1961-